Nalaganje...

Food biochemistry and food processing/

Bibliografske podrobnosti
Drugi avtorji: Simpson, Benjamin K.
Format: Printed Book
Izdano: Ames, Iowa : Wiley-Blackwell, 2012.
Izdaja:2nd ed. /
Teme:
LEADER 00698cam a22002054a 4500
020 |a 9780813808741 (hardcover : alk. paper) 
082 0 0 |a 664 SIM 
245 0 0 |a Food biochemistry and food processing/  |c Edited by Benjamin K. Simpson 
250 |a 2nd ed. / 
260 |a Ames, Iowa :  |b Wiley-Blackwell,  |c 2012. 
300 |a xii, 896 p. :  |b ill. ; 
504 |a Includes bibliographical references and index. 
650 0 |a Food industry and trade 
650 0 |a Food 
650 0 |a Food 
650 0 |a Food 
700 1 |a Simpson, Benjamin K. 
942 |c BK 
999 |c 297506  |d 297506 
952 |0 0  |1 0  |4 0  |6 664_000000000000000_SIM  |7 0  |9 317061  |a BTY  |b BTY  |c GEN  |d 2020-09-07  |l 0  |o 664 SIM  |p BTY2556  |r 2020-09-07  |w 2020-09-07  |y BK